Pays les plus médaillés au Jeux Olympiques d'été - Statistiques

Statistiques générales
  • Ce quiz a été pris 139 fois
  • Le résultat moyen est 41 sur 50
Statistiques - réponses
Pays Nombre de Médailles Nombre de médailles d'or % Correct
Chine 634 262
99%
États Unis 2 656 1 070
99%
France 764 226
99%
Japon 497 169
99%
Grande Bretagne 916 285
98%
Allemagne 974 285
96%
Comité Olympique de Russie 71 20
96%
Russie 426 149
96%
Italie 618 217
95%
Espagne 167 48
94%
Australie 547 164
93%
Suède 503 148
93%
Argentine 77 21
92%
Brésil 150 37
92%
Canada 326 71
91%
Norvège 160 60
90%
Finlande 305 101
89%
Mexique 73 13
89%
Corée du Sud 287 96
88%
Pays Bas 285 85
88%
Suisse 205 53
88%
Union Soviétique 1 010 395
88%
Pologne 298 72
86%
Afrique du Sud 89 27
85%
Grèce 121 35
85%
Nouvelle Zélande 137 53
85%
Belgique 155 43
84%
Danemark 205 48
84%
Équipe Unifiée de l'ex URSS 112 45
84%
Autriche 94 19
83%
Jamaïque 87 26
82%
Roumanie 308 90
82%
Ukraine 139 35
82%
Hongrie 511 181
81%
Cuba 241 85
79%
Turquie 104 41
78%
République Tchèque 67 19
77%
Kenya 113 35
74%
Yougoslavie 90 28
74%
Biélorussie 85 13
71%
Croatie 41 14
71%
Bulgarie 224 54
70%
Iran 76 24
67%
Allemagne de l'Est 409 153
66%
Éthiopie 58 23
65%
Tchécoslovaquie 143 49
62%
Corée du Nord 54 16
51%
Kazakhstan 72 15
51%
Géorgie 40 10
44%
Azerbaïdjan 49 7
37%
Aucun quiz correspondant
Distribution des résultats
% des personnes avec chaque résultat
Percentile par nombre de réponses
Votre historique - résultats
Vous n’avez pas pris ce quiz